[Event "Pamplona 0102"]
[Site "Pamplona"]
[Date "2001.12.30"]
[Round "4"]
[White "De la Riva Aguado, Oscar"]
[Black "Conquest, Stuart"]
[Result "1-0"]
[WhiteElo "2495"]
[BlackElo "2601"]
[Annotator "Gofshtein,L"]
[PlyCount "79"]
[EventDate "2001.12.27"]
[EventType "tourn"]
[EventRounds "9"]
[EventCountry "ESP"]
[EventCategory "14"]
[SourceTitle "CBM 087"]
[Source "ChessBase"]
[SourceDate "2002.03.21"]
[SourceVersion "1"]
[SourceVersionDate "2002.03.21"]
[SourceQuality "1"]

1. e4 {[%mdl 4]} g6 2. d4 Bg7 3. Nf3 (3. Nc3 c6 4. Be3 d5 (4... d6 5. Qd2 Nd7
6. O-O-O b5 7. Kb1 Qa5 $132)) 3... d6 4. Nc3 c6 5. Be3 b5 6. Qd2 Nd7 7. Bd3 Nb6
{other moves are:} (7... a6) (7... Qc7 $5 {Black prevents e5,and prepares Ngf6}
8. O-O Ngf6 (8... a6 9. Ne1 {with the idea f2-f4} Ngf6 10. Bh6 O-O 11. Bxg7
Kxg7 12. f4 e5 13. dxe5 dxe5 14. f5 c5 15. Nd5 Nxd5 16. exd5 c4 17. Be2 Nf6
$132) 9. Bh6 O-O 10. Bxg7 Kxg7 11. Ne2 c5 12. c3 $14) (7... Bb7 8. Ne2 (8. h4
$5 h5 {Black could not play Ngf6 because of the threat e5} 9. O-O-O Qa5 10. Kb1
a6 11. e5 $1 $40 {1-0 Kupreichik,V-Nikolaevsky,Y/Daugavpils 1978 (31)}) (8. a4
a6 (8... b4 9. Ne2 c5 10. dxc5 dxc5 11. Bb5 (11. c3 $11) 11... Ngf6 12. Bxc5 (
12. Ne5 a6 13. Bxd7+ Nxd7 14. Nxd7 Qxd7 15. Qxd7+ Kxd7 16. Bxc5 Rhc8 $132 {
1-0 Boe,M-Mortensen,E/Lyngby ,EXT 1991 (82)}) 12... Nxe4 13. Bxd7+ Qxd7 14.
Qxd7+ Kxd7 15. Bxb4 Bxb2 16. Rb1 $14) 9. Ne2 e5 10. c3 Ngf6 11. Bh6 O-O 12.
Bxg7 Kxg7 13. Ng3 Ne8 14. O-O Nc7 15. axb5 cxb5 16. b4 $14 {1/2-1/2 Lurje,
P-Hickl,J/Bad Ragaz Switzerland 1993 (50)}) (8. h3 a6 9. O-O (9. a4 Qc7 10. O-O
Ngf6 11. axb5 axb5 12. Rxa8+ Bxa8 13. e5 $2 dxe5 14. dxe5 Nxe5 15. Nxe5 Qxe5
16. f4 Qb8 $17 {0-1 Wells,P-Vadasz,L/Budapest FS 1993 (37)}) 9... c5 10. Rad1
Rc8 11. dxc5 Nxc5 12. Rfe1 Nxd3 13. cxd3 Nf6 14. Bh6 O-O $11 {1/2-1/2 Vetemaa,
J-Vingerhoets,L/Huy ,EXT 1992 (27)}) (8. O-O-O a6 (8... b4 9. Ne2 Qa5 10. Kb1
c5 11. Ng3 Rc8 12. Qe2 Ngf6 13. h4 $132 {1-0 Van Delft,M-Dzhumaev,M/Dutch Open,
Dieren NED 1998 (34)}) 9. e5 dxe5 10. dxe5 Nxe5 11. Nxe5 Bxe5 12. Rhe1 Qc7 13.
Bb6 Qxb6 14. Rxe5 O-O-O 15. Qf4 Qc7 16. Qe3 e6 $15 {1/2-1/2 Gormally,D-Sowray,
P/Hastings ENG 1999 (50)}) (8. O-O a6 (8... Ngf6 9. Bh6 (9. e5 dxe5 10. dxe5
Ng4 11. e6 fxe6 $44 (11... Nde5 12. exf7+ Nxf7 13. Bc5 O-O 14. Qe2 $14 {
1-0 Madl,I-Poor,I/HUN 1990 (59)})) 9... Bxh6 10. Qxh6 Qa5 11. Ng5 Qb6 12. Qg7
Rf8 13. Ne2 c5 14. c3 h5 $14 {1-0 Rada,H-Petz,J/A-403,1984 1984 (47)}) 9. a4 (
9. Rfe1 c5 10. a3 cxd4 11. Nxd4 Ngf6 12. h3 O-O 13. Bh6 Qb6 14. Bxg7 Kxg7 15.
Qe3 Rac8 $11 {0-1 From,S-Andersen,J/Alborg 1993 (64)}) 9... Qc7 (9... e6 10.
Rfe1 Ne7 11. Bh6 O-O 12. Rad1 Nb6 13. axb5 cxb5 14. h4 $14 {1-0 Xie,J-Nouro,M/
Helsinki 1992 (49)}) 10. Rfe1 (10. axb5 cxb5 11. Nd5 Bxd5 12. exd5 Qb8 13. Qa5
Nb6 14. Bxb5+ axb5 15. Qxb5+ Nd7 16. Qc6 Rxa1 17. Rxa1 $18 {1-0 Hinks Edwards,
T-Pein,M/4NCL, Birmingham ENG 1998 (23)}) 10... e6 11. axb5 cxb5 12. Bxb5 axb5
13. Nxb5 Qb6 14. Qb4 Rxa1 15. Rxa1 Bf8 16. d5 Nc5 17. Nxd6+ Qxd6 18. Bxc5 Qxc5
19. Qxb7 $18 {1-0 Ivanov,A-Hoi,C/Gausdal Arnold Cup (4) 1991 (23)}) 8... Qc7 9.
c3 e5 10. h4 Ndf6 11. Ng3 Ng4 12. h5 Nxe3 13. Qxe3 Bh6 14. Qe2 Nf6 $132 {
0-1 Tolush Alexander-Botvinnik Mikhail M/Match "Moscow-Leningrad" Moscow RUS
1965 (37)}) (7... e5 8. d5 cxd5 9. Nxb5) (7... Bb7) 8. h3 {white has very
simple plan: first of all to change dark-light bishops and, secondly, break
through the center by e4-e5} (8. b3 Bg4 (8... Qc7 9. h3 Nf6 10. Bh6 O-O 11. O-O
a6 12. e5 dxe5 13. dxe5 $14) 9. a4 b4 10. Ne2 a5 11. h3 Bd7 12. Rd1 Nf6 13. Ng3
O-O 14. O-O Qb8 15. Bh6 $14 {1-0 Meister,Y-Krasenkov,M/URS tt (1/2 final)
Podolsk (RUS 1990/Inf 01 (85)}) 8... a5 (8... h5 9. O-O Nf6 10. Rae1 Qc7 11.
Bf4 Nfd7 12. e5 $14 {1-0 Melzer,O-Bartels,S/VLNBaden 1992 (32)}) (8... Nf6 $5
9. O-O O-O 10. Bh6 Be6 (10... a6 11. e5 Nfd5 12. Nxd5 Nxd5 13. Rfe1 f6 $16 {
1-0 Barczay,L-Petran,P/Trencianske Teplice 1981/MCD (42)}) (10... a5 11. Rfe1
b4 12. Ne2 Ba6 13. Ng3 c5 14. Bxa6 Rxa6 15. Bxg7 Kxg7 $16 {1-0 Kasparov,
G-Bonnafous,N/Besancon 1999/EXT 2001 (34)}) 11. Bxg7 Kxg7 $14 {0-1 Gorusa,
M-Safyanovsky,M/Slovakia tt 1994 (56)}) (8... Rb8 9. O-O Nf6 (9... Nc4 10. Bxc4
bxc4 11. Rab1 $14 (11. b3 Ba6 12. Rfb1 $14)) 10. Bh6 O-O 11. Bxg7 Kxg7 12. Rfe1
$14 {1-0 Hodgson,J-Maiwald,J/Bermuda 1997/CBM 58/ (33)}) (8... Qc7 9. O-O Bd7
$6 (9... Nf6 10. Bh6 O-O 11. Bxg7 Kxg7 12. e5 Nfd5 13. Rae1 Nxc3 14. Qxc3 Nd5
15. Qd2 $36) (9... b4 10. Ne2 a5 11. a3 c5 12. dxc5 dxc5 13. axb4 $16 {/\Bb5})
(9... e5 $14) 10. a4 bxa4 (10... b4 11. a5 bxc3 12. axb6 Qxb6 13. Qxc3 $16) (
10... a6 11. a5) 11. Nxa4 $14 {1-0 Hodgson,J-Soltis,A/Mechanics GM, San
Francisco USA 1998 (41)} (11. Nxa4 Nf6 (11... Nxa4 12. Rxa4 c5 13. Qa5 $16 {
/\Rfa1}) 12. Nxb6 Qxb6 13. c4 $16 O-O (13... c5 14. dxc5 dxc5 15. e5 Ng8 16.
Ra5) 14. e5 Ne8 15. b4 $16 {41...Bd5 42.d7 Yudasin. 1-0 Hodgson,J-Soltis,A/San
Francisco 1998/CBM 66})) (8... Nc4 9. Bxc4 bxc4 10. O-O Nf6 (10... h6 11. b4
$14 {0-1 Riordan,C-Bryan,J/New Hampshire 1998/EXT 2002 (34)}) 11. Bh6 O-O 12.
Rfe1 $14 {1-0 Ejdum,S-Lubson,P/Denmark 1998 (34)} (12. Bxg7 Kxg7 $16 {1/2-1/2
Neukirch,D-Khodos,G/Sinaia 1965/EXT 2001 (35)})) (8... e5 9. dxe5 dxe5 10. a4
b4 11. Ne2 a5 12. Nc1 Be6 $6 13. Ng5 $16) 9. O-O (9. e5 $5 d5 10. b3 a4 11. O-O
h5 12. Ne2 Nh6 13. Nf4 $16 {0-1 Adams,M-Akopian,V/Las Vegas 1999/CBM 72 (86)})
(9. a3 Bb7 10. O-O Nf6 11. Bh6 O-O 12. Rfe1 b4 13. Ne2 c5 14. Ng3 $14 {1-0
Holubcik,M-Lebloch,I/SVK 2000/EXT 2002 (72)}) 9... Nf6 (9... Nc4 {'?!' Yudasin,
L.} 10. Bxc4 bxc4 11. Rfe1 (11. d5 $8 $14 Bb7 (11... c5 12. e5 dxe5 13. Bxc5
$16) 12. Bd4 Nf6 13. dxc6 Bxc6 14. e5 $1 $36 {1-0 Palac,M-Minasian,A/Pula 1997/
CBM 57 ext/[Yudasin,L] (31)}) 11... a4 $2 $16 (11... Nf6 12. Bh6 O-O 13. Bxg7
Kxg7 14. e5 Nd5 15. exd6 exd6 16. Nxd5 cxd5 17. Re3 $14 {[%csl Ra5,Rd5,Rd6]}) (
11... f5 $6 12. e5 $1 d5 (12... dxe5 13. Nxe5 Bxe5 14. dxe5 Qxd2 15. Bxd2 Rb8
16. b3 $16) 13. b3 Ba6 14. Na4 $16) 12. Rad1 Qa5 13. d5 $1 {1-0 Goloshchapov,
A-Tosic,M/Moscow 1999/CBM 70/[Tsesarsky] (32)}) 10. e5 {White opens position
and tries to use very good development of his pieces.} Nfd5 11. Bh6 O-O 12.
Nxd5 Nxd5 13. c3 f6 14. Bxg7 Kxg7 15. Be4 Be6 16. Rfe1 {More space and better
position defines clear white's advantage.} Bg8 17. exf6+ {Deserves attention
17.a4 with big pressure;} (17. a4 $5 b4 18. exd6 exd6 19. c4 Nb6 20. Bxc6 $16)
17... exf6 18. a3 Ra7 19. Bxd5 $2 Bxd5 20. Qf4 g5 $5 (20... Re8 $11) 21. Qg3
Kh8 $1 {[%csl Rg7][%cal Ra7g7] with idea to transfer rook to g7;} 22. Nd2 Rg7
23. b3 g4 $5 24. Qh4 (24. h4 f5 $132) 24... gxh3 25. g3 Qd7 26. Kh2 Qf5 $36 {
Black has seriouos initiative already} 27. Re2 Bf3 $2 (27... Re7 $1 28. Rae1 (
28. Qh6 Rxe2 29. Qxf8+ Bg8 $19) 28... Rfe8 $19) 28. Re3 (28. Nxf3 Qxf3 29. Qe4
Qxc3 $17) 28... Bg4 29. Rf1 c5 $6 (29... Qc2 $5 30. Ne4 Qxb3 31. Nxf6 Bf5 $17)
30. Ne4 $6 (30. f3 $5 cxd4 31. cxd4 Qd5 $13) 30... cxd4 31. cxd4 Qd5 32. f3
Qxd4 $17 33. Re2 Qd3 34. Ref2 Bc8 {many tactical mistakes of both sides can be
explained only by the mutual time-trouble;} (34... Be6 $5 35. Nxf6 Rgf7 36. Ne4
Bxb3 $19) 35. Nxf6 Rgf7 36. Ne4 Bb7 (36... Bf5 $17) 37. Ng5 Rf6 38. Re1 $13 {
[%mdl 8192]} h6 $2 39. Ne6 $16 Bxf3 (39... Qg6 40. Nxf8 Rxf8 41. Re3 $18) 40.
Nxf8 $18 1-0

[Event "GER-ch 73th"]
[Site "Altenkirchen"]
[Date "2001.12.06"]
[Round "7"]
[White "Naiditsch, Arkadij"]
[Black "Tischbierek, Raj"]
[Result "1-0"]
[WhiteElo "2524"]
[BlackElo "2493"]
[Annotator "Gofshtein,L"]
[PlyCount "55"]
[EventDate "2001.11.30"]
[EventType "swiss"]
[EventRounds "9"]
[EventCountry "GER"]
[SourceTitle "CBM 087"]
[Source "ChessBase"]
[SourceDate "2002.03.21"]
[SourceVersion "1"]
[SourceVersionDate "2002.03.21"]
[SourceQuality "1"]

{[%mdl 4]} 1. e4 g6 2. d4 Bg7 3. Nc3 d6 4. Be3 a6 5. Qd2 b5 6. h4 $5 h5 7. f3 {
White prepares a transfer of his knight to g5. There are other similiar
variations:} (7. Nh3 Nd7 8. d5 Ngf6 9. f3 Bb7 10. O-O-O c6 11. dxc6 Bxc6 12.
Nf4 Qa5 13. Kb1 Rc8 $132 {0-1 Padeiro,J-Komljenovic,D/Lisbon 2000/EXT 2001 (57)
}) (7. Nf3 Nf6 8. Ng5 Ng4 9. Bf4 f6 10. Nh3 e5 11. dxe5 dxe5 12. Qxd8+ Kxd8 13.
Bd2 c6 14. a4 Bb7 15. f3 Nh6 16. Nd1 Bf8 17. Nhf2 Nd7 18. b4 Nf7 19. Nb2 Kc7
$14 {1/2-1/2 Adams,M-Piket,J/Germany 2001/CBM 82 ext (54)}) 7... Nd7 {7...Nf6
deserves attention with idea to change knight of white by Nh3;} (7... Nf6 8.
Nh3 (8. O-O-O Nbd7 9. Nh3 Nb6 10. Bd3 b4 11. Ne2 a5 12. Nf2 c6 13. Kb1 Qc7 14.
e5 Nfd5 15. exd6 exd6 16. Bg5 Be6 $132 {1/2-1/2 Adams,M-Speelman,J/Hastings
1989/TD (34)}) 8... Bxh3 $5 9. Rxh3 Nbd7 10. Kf2 (10. a4 b4 11. Nd1 a5 12. Nf2
O-O 13. g4 c5 $132 {0-1 Hargens,T-Borik,O/Germany 1991/GER-chT (40)}) 10... c5
11. Kg1 cxd4 12. Bxd4 O-O 13. g3 Ne5 $132 {1/2-1/2 Morrison,W-Benjamin,J/
Philadelphia 1998/EXT 2000 (34)}) 8. Nh3 e6 {other moves look activer:} (8...
Nb6 $5 9. Ng5 d5 $5 10. O-O-O Bb7 11. Bd3 e6 12. exd5 Bxd5 13. Nxd5 Nxd5 $132 {
0-1 Belotti,B-Bologan,V/Reggio Emilia 1996/CBM 57 (35)}) (8... Bb7 $5 9. Ng5
Ngf6 (9... e6 $6 10. g3 Ne7 11. Bh3 $5 {[%csl Ye6][%cal Yg5e6,Yh3e6] threats
of white look very dangerous 1-0 Mokry,K-Sznapik,A/Trnava 1984/MCL (34)}) 10.
Be2 $6 (10. O-O-O c5 (10... Qc8 $13) 11. dxc5 dxc5 12. e5 Nxe5 13. Qxd8+ Rxd8
14. Rxd8+ Kxd8 15. f4 $36) (10. Nd1 c5 11. c3) (10. a4 c6 11. Be2 (11. g3 O-O
12. Bg2 e5 13. O-O b4 14. Nd1 a5 $132 {0-1 Gazik,I-Krasenkow,M/Passau 1993/EXT
2001 (37)}) 11... Rc8 12. O-O O-O 13. f4 b4 14. Nd1 c5 $132 {1-0 Firman,
N-Kuzmin,G/Polanica Zdroj 2000/EXT 2001 (36)}) 10... c5 $5 11. Nd1 (11. d5 O-O
12. O-O $13) 11... cxd4 12. Bxd4 e5 (12... Qc7 13. a4 bxa4 14. Rxa4 O-O $13)
13. Bf2 d5 $36 {1/2-1/2 Ginzburg,M-Garcia Palermo,C/Villa Gisell 1998/CBM 64/})
9. Ng5 Ne7 10. a4 $5 b4 11. Ne2 a5 {[%cal Ye2f4,Yf4e6,Yg5f7,Yg5e6]} (11... c5
$5) 12. Nf4 Nf6 (12... Nb6 $5 {[%csl Yc4][%cal Rb6c4]} 13. g4 hxg4 14. fxg4 e5
15. dxe5 Bxe5 16. Bxb6 cxb6 17. Bc4 Rf8 $13) 13. Bb5+ c6 $8 (13... Bd7 $2 14.
Ngxe6 $1 $40) 14. Be2 Qc7 {Immediate14...O-O was better with following
counterplay by e6-e5;} (14... O-O $5 15. g4 hxg4 16. fxg4 e5 17. dxe5 dxe5 18.
Nd3 Nxg4 19. Bc5 $13) 15. O-O-O Bd7 $2 {[%mdl 128]} (15... O-O $5 16. g4 e5 17.
dxe5 dxe5 $132) 16. g4 $36 hxg4 17. fxg4 Nh7 $2 (17... e5 18. dxe5 dxe5 19. Bc4
exf4 20. Bxf4 $40) (17... c5 18. dxc5 dxc5 19. Nxf7 $1 Kxf7 20. g5 $40) 18.
Nxh7 Rxh7 19. h5 $40 {White's threats are very strong;} O-O-O (19... g5 20. Nh3
f6 21. e5 $40 dxe5 22. dxe5 {[%csl Rd7][%cal Rd2d7]} Nd5 23. exf6 Bxf6 24. Bxg5
O-O-O 25. Bxf6 Nxf6 26. Ng5 $18) (19... gxh5 20. Nxh5 O-O-O 21. Bg5 {[%cal
Yg5d8]} Bf8 22. Nf6 Rxh1 23. Rxh1 $18) 20. hxg6 Rxh1 21. Rxh1 Nxg6 22. Rh7 $1 {
White activates his rook creating decisive threats} Nxf4 (22... Rg8 23. Nh5 Bh8
24. Rxf7) 23. Ba6+ Kb8 24. Rxg7 $18 Rh8 {[%cal Yh8h1] That's the last trap.}
25. b3 (25. Bxf4 $4 Rh1+) 25... Rh1+ 26. Kb2 Qb6 (26... Ng6 27. Rxf7 $18) 27.
Bxf4 Qxa6 28. Bxd6+ 1-0

[Event "EU-chT (Men) 20th"]
[Site "Reykjavik"]
[Date "2015.11.16"]
[Round "4.1"]
[White "Vachier Lagrave, Maxime"]
[Black "Ivanisevic, Ivan"]
[Result "1-0"]
[WhiteElo "2765"]
[BlackElo "2662"]
[Annotator "Gormally,D"]
[PlyCount "49"]
[EventDate "2015.11.13"]
[EventType "team-swiss"]
[EventRounds "9"]
[EventCountry "ISL"]
[SourceTitle "CBM 170"]
[Source "ChessBase"]
[SourceDate "2016.01.15"]
[SourceVersion "1"]
[SourceVersionDate "2016.01.15"]
[SourceQuality "1"]
[WhiteTeam "France"]
[BlackTeam "Serbia"]
[WhiteTeamCountry "FRA"]
[BlackTeamCountry "SRB"]

1. e4 g6 2. d4 Bg7 3. Nc3 d6 4. Be3 a6 5. h4 h6 ({Black has many ways of
meeting the h-pawn advance. One way is to play ...h5, but many players don't
like to play this way as it removes some flexibility from their position.
White also then has a possible plan of Nh3-g5 where the knight is dangerously
placed.} 5... Nf6 {is a solid alternative.} 6. f3 b5 7. Qd2 (7. g4 h5 8. e5 $5
{was once seen in a game of Nigel Short's, with the idea of} Nfd7 (8... dxe5 9.
dxe5 Qxd1+ 10. Rxd1 Nfd7 {might be safer for Black as} 11. Nd5 Bxe5 {is not
playable for White}) 9. gxh5 Rxh5 10. e6 $1 {disrupting the Black pawn
structure.}) 7... Nbd7 8. g4 Nb6 9. h5 Bb7 10. Bd3 Qd7 11. Nge2 Rc8 12. Bh6 Bf8
13. d5 c6 14. Be3 c5 15. hxg6 fxg6 16. Nf4 Bg7 17. Ne6 Kf7 18. Bh6 Bxh6 19.
Qxh6 {with a dominating position for White in Vachier Lagrave,M (2727)-Todorov,
T (2493) France 2010.}) (5... b5 6. h5 Bb7 {When I played Nakamura in a blitz
game online, he played this way. White has the option of pushing the pawn to
h6, but then Black just drops the bishop back to f8, and there's a danger that
White's attack can just grind to a halt on the kingside.} 7. f3 Nd7 8. Qd2 c5
9. Nge2 Rc8 10. dxc5 Nxc5 11. Nd4 Nf6 12. h6 Bf8 {Inkiov,V (2465)-Salgado
Lopez,I (2598) Haguenau 2013, with an unclear game.}) 6. Qd2 (6. f4 {is also
possible, as this renews the threat of playing h5, while also suggesting that
White may try to play e5 at some point} h5 7. Nf3 b5 8. Qd2 Bb7 9. Bd3 Nh6 10.
Ng5 Nd7 11. e5 $1 e6 12. Bxg6 fxg6 13. Nxe6 {Anton Guijarro,D (2631)-Malakhov,
V (2694) Dubai 2014 was a typical example of the dangers that can face Black
in this line.}) 6... b5 7. O-O-O (7. f3 Nd7 8. O-O-O Nb6 9. Nh3 Nf6 10. Nf4
Nfd7 11. Ncd5 Nxd5 12. exd5 Nb6 13. Bd3 Bb7 {Naiditsch,A (2689)-Svidler,P 
(2754) Khanty-Mansiysk 2009, seemed ok for Black.}) 7... Nf6 (7... Bb7 8. Nh3
Nf6 (8... b4 9. Nd5 $1 e6 $2 (9... a5 10. f3 {with a slight edge for White})
10. Qxb4 {works out well for White}) 9. f3 Nbd7 10. Nf4 (10. g4 $5 {perhaps,
to try and create something on the kingside}) 10... c6 11. Kb1 h5 12. Qf2 Qc7
13. Nd3 Nb6 {Berg,E (2616)-Almeida Quintana,O (2513) Montcada 2009, when Black
was also finely placed.}) 8. f3 c6 9. Kb1 h5 10. Nge2 Qc7 (10... Nbd7 {doesn't
change much because White will play} 11. e5 $1 {anyway due to the pin down the
d-file.} b4 $2 12. exf6 bxc3 13. fxg7 {and White wins, one of the reasons why
Kb1 is a useful move, as taking on d2 is no longer check.}) (10... Nfd7 {
may be possible, preventing e5, but looks a bit slow and passive.}) (10... O-O
11. Nf4 Qc7 {may be playable, even if this looks like castling into the eye of
the storm.} 12. g4 e5 $1 {however may be possible, when things don't seem so
clear.} (12... hxg4 $2 13. h5 g5 {should certainly be avoided;} (13... e5 14.
h6) 14. h6 $1 Bh8 15. h7+ Kg7 16. Qh2)) 11. e5 $1 {Vachier Lagrave's style is
controlled aggression.} dxe5 12. dxe5 Nd5 13. Bd4 $1 (13. Nxd5 cxd5 14. Qxd5
Bb7 15. Qd2 Bxe5 {is fine for Black.}) 13... Bf5 $2 {This move does nothing to
solve Black's problems, as the bishop doesn't really aim at anything.} ({
This was already a critical position and if Black realised the danger he was
in, he may have bit the bullet with} 13... Bxe5 $1 14. Nxd5 cxd5 15. Bxe5 Qxe5
16. Nf4 {when Black has at least two acceptable ways to play:} d4 $1 {from
afar, this variation may have looked very shaky for Black, as his queen is
rooted in the centre and he is well behind in development, but analysis should
prove that he is fine with correct play;} (16... O-O 17. Nxd5 Bb7 {and
although White can try the tricky} 18. Nb6 (18. c4 bxc4 19. Bxc4 Bxd5 20. Qxd5
Qxd5 21. Bxd5 Ra7 $11) 18... Ra7 19. Qf2 {but although a variation like} Bc6
20. Nc4 Qc7 21. Ne3 {looks scary, as White is ready to start prising open the
kingside with a quick g4, Black is in time to bolster his defences with} Nd7
22. g4 Nf6) 17. Bd3 Bb7 18. Rhe1 ({the wild variation} 18. Bxg6 fxg6 19. Nxg6
Qf6 20. Nxh8 Nc6 21. Qg5 Qxh8 22. Rhe1 O-O-O {just looks unclear}) 18... Qc5 {
and White has no obvious way of proving an advantage, if one even exists.}) 14.
e6 $1 {Now Black is just in trouble.} f6 {Desperately trying to retain the
integrity of his pawn structure, but in the process dropping a pawn for
nothing.} (14... O-O 15. exf7+ Rxf7 {also looks miserable for Black, who has
little in the way of compensation for his ruinous pawn structure.} 16. Bxg7
Rxg7 17. Nd4 $1 (17. Nxd5 cxd5 18. Nf4 d4 $1 19. Bd3 Bxd3 20. Nxd3 Nc6 21. g4 {
is also very good for White; Black has no counterplay to distract White from a
direct kingside assault}) 17... e6 18. Bd3 {when Black's position is just
riddled with weaknesses.}) 15. Nxd5 cxd5 16. Nf4 Nc6 17. Nxd5 {White has won a
pawn, while having an overwhelming positional advantage to boot. Unsuprisingly
the game did not last much longer.} Qb7 {A miserable square for the queen, but
there was little choice.} ({The more "natural"} 17... Qd6 {runs into the shot}
18. Bxf6 $1 exf6 19. Nxf6+ Bxf6 20. Qxd6 $18) 18. Bb6 $1 O-O 19. Bd3 Bxd3 20.
Qxd3 f5 21. Qe3 Rac8 22. Qg5 Kh7 23. Be3 Rfd8 24. Nf4 Ne5 25. Nxg6 $1 {The
black kingside, which had been looking shaky for a while in any case, now
falls apart completely so he resigned.} 1-0

[Event "Vlissingen HZ op 10th"]
[Site "Vlissingen"]
[Date "2006.08.08"]
[Round "5"]
[White "Barua, Dibyendu"]
[Black "Gurevich, Mikhail"]
[Result "1/2-1/2"]
[WhiteElo "2453"]
[BlackElo "2643"]
[Annotator "Gurevich,M"]
[PlyCount "113"]
[EventDate "2006.08.05"]
[EventType "swiss"]
[EventRounds "9"]
[EventCountry "NED"]
[SourceTitle "CBM 113 Extra"]
[Source "ChessBase"]
[SourceDate "2006.09.14"]
[SourceVersion "1"]
[SourceVersionDate "2006.09.14"]
[SourceQuality "1"]

1. e4 d6 2. d4 g6 3. Nc3 Bg7 4. Be3 a6 5. f4 b5 6. Bd3 Bb7 7. Nf3 b4 8. Ne2 Nf6
9. Ng3 (9. e5 {-73/120}) 9... O-O $5 {TN} (9... Nbd7 10. c3 bxc3 11. bxc3 O-O
12. Rb1 Rb8 13. O-O c5 14. Qa4 Qc7 15. h3 Bc6 16. Qa3 c4 17. Rxb8 Rxb8 18. Bc2
e6 19. Nd2 Bf8 $132 {1-0 Areshchenko,A-Wang Rui/Moscow 2004/PowerBook2005 (38)}
) 10. Qd2 c5 11. c3 (11. dxc5 Ng4 12. O-O-O Qa5 $36) 11... Ng4 (11... d5 $5)
12. Bg1 (12. O-O Nd7 $132) 12... bxc3 13. bxc3 cxd4 14. cxd4 e5 (14... Nd7 $5
15. h3 Ngf6 16. Be3 d5 $5 17. e5 Ne4 18. Bxe4 dxe4 19. Ng5 Nb6 $44) 15. fxe5
Nc6 (15... dxe5 16. h3 Nf6 17. Nxe5 Nfd7 18. Nf3 Nc5 $44) 16. h3 Ngxe5 $5 (
16... Bh6 17. Qb2 $16) 17. dxe5 Nxe5 18. Rb1 Nxd3+ 19. Qxd3 Qa5+ 20. Kf1 (20.
Nd2 Bc6 21. Bd4 Bb5 22. Qe3 Bxd4 23. Qxd4 Rac8 24. Kf2 $14) 20... Bc6 21. Bb6 (
21. Nd4 Bxd4 22. Qxd4 Rab8 $5 $36) 21... Bb5 $1 22. Bxa5 Bxd3+ 23. Kf2 Bxb1 24.
Rxb1 Rab8 $11 25. Rb3 Rxb3 26. axb3 Rb8 27. Nd2 d5 $5 28. exd5 Rb5 29. Nc4 Rxd5
30. Ne4 f5 31. Ned2 Bf6 32. Ke2 Kf7 33. Bc7 Ke6 34. Ne3 Rd7 35. Ba5 h5 36. b4
$5 {[/\Nd2-b3-c5]} (36. Nec4 $11) 36... f4 37. Nb3 fxe3 38. Nc5+ Kd6 39. Nxd7
Kxd7 40. Kxe3 Kc6 41. g4 $11 hxg4 42. hxg4 Kb5 43. Ke4 Bc3 44. Kd5 Bxb4 45. Bd8
Ba5 $5 (45... a5 46. Bxa5 Bxa5 47. g5 $11) 46. Bf6 Bd2 47. g5 a5 48. Ke6 a4 49.
Kf7 a3 50. Kxg6 Bc1 {[/\51...Bb2-+]} 51. Be7 $1 a2 52. Bf6 $11 Kb4 53. Kf5 Ka3
54. g6 Bb2 55. Bxb2+ Kxb2 56. g7 a1=Q 57. g8=Q 1/2-1/2